000 00696nam a2200253Ia 4500
003 OSt
005 20220918202616.0
006 a|||||r|||| 00| 0
007 ta
008 220917b |||||||| |||| 00| 0 eng d
024 _a102,534
037 _cTextual
040 _aARTS
_cARTS
_beng
041 _2eng
_aeng
082 _aV253.F10<-D885, M3-;1
100 _aRath B K
_9104591
245 0 _aCultural history of Orissa 855--1110 A D
260 _aDelhi
_bSundeep Prakashan
_c1983
300 _a208p. 70 plates
_ccm.
500 _aBibliography p199--204
650 _aHISTORY
942 _hV253.F10<-D885, M3-;1
_cTEXL
_2CC
999 _c225988
_d225988